Kristen Stewart - Roles by Picture - Statistics

General Stats
  • This quiz has been taken 18 times
  • The average score is 9 of 42
Answer Stats
Picture Answer % Correct
Bella Swan
85%
Diana, Princess of Wales
77%
Joan Jett
77%
Snow White
69%
Sabina Wilson
54%
Valentine
46%
Em Lewin
38%
Jean Seberg
38%
Veronica 'Vonnie' Sybil
38%
Lisa
31%
Melinda Sordino
31%
Lydia Howland
23%
Sarah Altman
23%
Timlin
23%
Abby Holland
15%
Allison / Mallory
15%
Kristen Tilson
15%
Lucy Hardwicke
15%
Maureen Cartwright
15%
Nia
15%
Savannah Knoop
15%
Sophie
15%
Sophie
15%
Bridget Sullivan
8%
Elizabeth Travis
8%
Georgia Kaminski
8%
Irys Duke
8%
Jessica 'Jess' Solomon
8%
Kathryn Lynn
8%
Lianna
8%
Lila
8%
Madeline 'Maddy' Rose Phillips
8%
Martine
8%
Marylou
8%
Maya Langley
8%
Norah Price
8%
PFC Amy Cole
8%
Phoebe Larson
8%
Sam Jennings
8%
Tracy Tatro
8%
Young Robin
8%
Zoe
8%
No matching quizzes found
Score Distribution
Percent of People with Each Score
Percentile by Number Answered
Your Score History
You have not taken this quiz